Plenitudo legis dilectio: homenaje al profesor dr. Fernando retamal Fuentes, Pbro

Saved in:
Bibliografiske detaljer
Format: Bog
Sprog:spansk
italiensk
tysk
Udgivet: Santiago Pontificia Universidad Católica de Chile 2002
Serier:Anales de la Facultad de Teología, 53. Cuaderno Unico
Fag:
Tags: Tilføj Tag
Ingen Tags, Vær først til at tagge denne postø!

MARC

LEADER 00000nam a2200000 a 4500
001 UCM9123
003 CL-VaPUC
008 030411e20020000CL |||||||||||||||||spa|d
041 0 7 |a spa  |2 CL-VaPUC 
041 0 7 |a ita  |2 CL-VaPUC 
041 0 7 |a ger  |2 CL-VaPUC 
082 0 4 |a 262.9  |b PLE  |2 21 
245 1 0 |a Plenitudo legis dilectio: homenaje al profesor dr. Fernando retamal Fuentes, Pbro 
300 |a 423 p 
942 |c BK 
945 |d 20030411 00:00:00  |a cmena 
260 |a Santiago  |b Pontificia Universidad Católica de Chile  |c 2002 
600 0 7 |a RETAMAL FUENTES, FERNANDO  |2 CL-VaPUC  |9 475531 
650 7 |a DERECHO CANONICO  |2 CL-VaPUC  |9 475532 
650 0 |a Filosofía del derecho   |9 255050 
650 0 |a Enseñanza del derecho  |9 354184 
650 0 |a Derecho eclesiástico  |9 255055 
650 0 |a Iglesia Católica  |9 256114 
650 0 |a Derechos humanos  |9 223025 
583 |a last modification  |c 20030411 00:00:00  |k Rodrigo Vera 
490 0 |a Anales de la Facultad de Teología, 53. Cuaderno Unico 
999 |c 303499  |d 303497 
952 |0 0  |1 0  |4 0  |6 262_900000000000000_PLE_2002  |7 0  |8 A  |9 364847  |a BIBDER  |b BIBDER  |d 2019-11-21  |i 3964477  |l 1  |o 262.9 PLE 2002  |p 3964477  |r 2023-08-28  |s 2023-08-25  |w 2019-11-21  |y BK  |k DER